عرض عادي
عرض مارك
- Intel 8051 (Microcontroller)
مدخل مصطلح موضوعي
001 - رقم الضبط
- حقل الضبط: 44781
003 - معرف رقم الضبط
- حقل الضبط: OSt
005 - تاريخ ووقت أخر عملية
- حقل الضبط: 20140512140746.0
008 - عناصر بيانات ثابتة الطول
- حقل تحكم ثابت الطول: 140512|||a|||||| | ||| d
040 ## - مصدر الفهرسة
- هيئة الفهرسة الأصلية: OSt
- وكالة الكتابة: OSt
150 ## - مدخل-- مصطلح تاريخي
- عنصر مدخل المصطلح الموضوعي او الاسم الجغرافي: Intel 8051 (Microcontroller)
670 ## - بيانات المصدر موجوده
- الاستشهاد بالمصدر: Work cat.: (OSt): Mazidi, Muhammad Ali 44780, The 8051 microcontroller :, 2014.
